| 000 | 01188cam a22003011i 4500 | ||
|---|---|---|---|
| 003 | SA-RiAUC | ||
| 005 | 20250105121850.0 | ||
| 008 | 250105s1994 su g b 001 0 ara c | ||
| 040 |
_aSA-RiAUC _bara _cSA-RiAUC _erda |
||
| 050 | 4 | _bJ75 1994 | |
| 082 | 0 | 4 |
_a245 _qSA-RiAUC |
| 090 | _a245 ج م ي | ||
| 100 | 1 |
_aالجميلي، عبد الله _eمؤلف. |
|
| 245 | 1 | 0 |
_aبذل المجهود في إثبات مشابهة الرافضة لليهود / _cعبد الله الجميلي. |
| 250 | _aالطبعة الثانية. | ||
| 264 | 1 |
_aالمدينة المنورة : _bمكتبة الغرباء الأثرية، _c1994 |
|
| 300 |
_a2 مجلد ؛ _c24 سم |
||
| 336 |
_aنص _btxt _2rdacontent _3كتاب |
||
| 337 |
_aبدون وسيط _bn _2rdamedia |
||
| 338 |
_aمجلد _bnc _2rdacarrier |
||
| 500 | _aيشتمل على كشافات. | ||
| 504 | _aببليوجرافية : مجلد 2، صفحة 753-785. | ||
| 650 | 7 |
_aالفرق الإسلامية _2aucsh |
|
| 650 | 7 |
_aالرافضية (فرقة إسلامية) _2aucsh |
|
| 650 | 7 |
_aالشيعة (فرقة إسلامية) _2aucsh |
|
| 942 |
_2ddc _cBOOK _n0 |
||
| 949 |
_aSA-JeALM _d250105 _umohamedma123 _n1 |
||
| 999 |
_c4465 _d4465 |
||